header

City, countryside, and the spatial organization of value in classical antiquity (Record no. 38577)

MARC details
000 -LEADER
fixed length control field 01869nam a2200445 a 4500
245 00 - TITLE STATEMENT
Title City, countryside, and the spatial organization of value in classical antiquity
260 ## - PUBLICATION, DISTRIBUTION, ETC. (IMPRINT)
Place of publication Leiden ;
-- Boston :
Name of publisher Brill,
Year of publication 2006.
300 ## - PHYSICAL DESCRIPTION
Number of Pages x, 384 p. :
Other physical details ill.
490 1# - SERIES STATEMENT
Series statement Mnemosyne, bibliotheca classica Batava. Supplementum,
650 #0 - SUBJECT ADDED ENTRY--TOPICAL TERM
Topical Term Landscape assessment
Topical Term Landscape assessment
Topical Term Geographical perception
Topical Term Geographical perception
Topical Term Rural-urban relations
Topical Term Rural-urban relations
Topical Term Landscapes in literature
Topical Term Classical literature
700 1# - ADDED ENTRY--PERSONAL NAME
Personal name Rosen, Ralph Mark.
Personal name Sluiter, I.
856 40 - ELECTRONIC LOCATION AND ACCESS
Uniform Resource Identifier http://site.ebrary.com/lib/rucke/Doc?id=10234891

No items available.

© 2026 Rongo University
Contact us: librarian | system librarian | Rongo university